Clasificación y caracterización morfoagronómica del germoplasma de cinco especies frutales amazónicas (Registro nro. 2243)
[ vista simple ]
| 000 -CABECERA | |
|---|---|
| Campo de control | 01043nam a2200253 a 4500 |
| 005 - FECHA Y HORA DE LA ULTIMA TRANSACCION | |
| Campo de control | 20160112060449.0 |
| 008 - ELEMENTOS DE LONGITUD FIJA—INFORMACION GENERAL | |
| Campo de control | 140304b2000 ck do fr|||| 00| 0 spa d |
| 040 ## - FUENTE DE CATALOGACIÓN | |
| Agencia catalogadora original | CO-BoIAVH |
| Agencia transcriptora | CO-BoIAVH |
| 041 0# - IDIOMA | |
| Código de idioma para texto/pista de sonido o título separado | Español |
| 044 ## - PAÍS DE PUBLICACIÓN | |
| País de publicación | Colombia |
| 090 ## - CLASIFICACIÓN LOCAL | |
| Colección | FG |
| Consecutivo | 022 |
| 100 1# - ASIENTO PRINCIPAL--NOMBRE PERSONAL | |
| Nombre personal | Vargas Avila, Guillermo |
| Término relacionado | Investigador |
| 9 (RLIN) | 8710 |
| 245 1# - MENCION DE TITULO | |
| Título | Clasificación y caracterización morfoagronómica del germoplasma de cinco especies frutales amazónicas |
| Mención de responsabilidad | Gobernación del Guaviare, Ministerio del Medio Ambiente, SINCHI,Plan Nacional de Desarrollo Alternativo PLANTE |
| 250 ## - MENCION DE EDICION | |
| Mención de edición | Primera Edición |
| 260 ## - PUBLICACION, DISTRIBUCION, ETC. (PIE DE IMPRENTA) | |
| Lugar de publicación, distribución, etc. | San José del Guaviare : |
| Nombre del editor, distribuidor, etc. | Produmedios : |
| -- | SINCHI : |
| -- | PLANTE , |
| Fecha de publicación, distribución, etc. | 2000. |
| 300 ## - DESCRIPCION FISICA | |
| Extensión | 28 páginas : |
| Otros detalles físicos | Cuadros, fotografías ; |
| Dimensiones | 21 x 16 cm |
| 650 06 - ASIENTO SECUNDARIO DE MATERIA - TERMINO TEMATICO | |
| Término temático o nombre geográfico como elemento de entrada | Germoplasma |
| Subdivisión general | Frutas |
| 9 (RLIN) | 49585 |
| 650 06 - ASIENTO SECUNDARIO DE MATERIA - TERMINO TEMATICO | |
| Término temático o nombre geográfico como elemento de entrada | Morfología |
| Subdivisión general | Frutas |
| -- | Arboles frutales |
| 9 (RLIN) | 49586 |
| 650 06 - ASIENTO SECUNDARIO DE MATERIA - TERMINO TEMATICO | |
| Término temático o nombre geográfico como elemento de entrada | Arazá |
| Subdivisión general | Morfología |
| 9 (RLIN) | 49587 |
| 650 06 - ASIENTO SECUNDARIO DE MATERIA - TERMINO TEMATICO | |
| Término temático o nombre geográfico como elemento de entrada | Chontaduro |
| Subdivisión general | Morfología |
| 9 (RLIN) | 49588 |
| 650 06 - ASIENTO SECUNDARIO DE MATERIA - TERMINO TEMATICO | |
| Término temático o nombre geográfico como elemento de entrada | Inchi |
| Subdivisión general | Morfología |
| 9 (RLIN) | 49589 |
| 700 ## - ASIENTO SECUNDARIO - NOMBRE PERSONAL | |
| Nombre personal | Argüelles Cárdenas, Jorge |
| Término de relación | Investigador |
| 9 (RLIN) | 15110 |
| 942 ## - ELEMENTOS ADICIONALES (KOHA) | |
| Tipo de ítem | Libro |
| Sistema de clasificación | Dewey Decimal Classification |
| Withdrawn status | Lost status | Sistema de Clasificación | Damaged status | No para préstamo | Colección | Inventariado | Ubicación Permanente | Ubicación actual | Fecha de adquisición | Fuente de Valor | Total Checkouts | Número topográfico | Inventario / Código de Barras | Date last seen | Ejemplar | Price effective from | Forma de adquisición | Tipo de material |
|---|---|---|---|---|---|---|---|---|---|---|---|---|---|---|---|---|---|---|
| Dewey Decimal Classification | General | Inventariado 2017 | Bogotá | Bogotá | 27/04/2001 | SINCHI | FG-0022 | 002807 | 04/12/2012 | Ej. 1 | 04/12/2012 | Folleto |